| 000 | 01100nac a22002891i 4500 | ||
|---|---|---|---|
| 003 | EG-ScBUE | ||
| 005 | 20250720093303.0 | ||
| 008 | 250717t1981 nyua f b 001 0 eng d | ||
| 020 | _a0070570051 | ||
| 040 |
_aEG-ScBUE _beng _erda _cEG-ScBUE _dEG-ScBUE |
||
| 082 | 0 | 4 |
_a541.3078 _bEXP _222 |
| 245 | 0 | 0 |
_aExperiments in physical chemistry / _cDavid P. Shoemaker, professor of chemistry, Orgon State University, [and three others] |
| 250 | _aFourth edition. | ||
| 264 | 1 |
_aNew York : _bMcGraw-Hill, _c[1981] |
|
| 264 | 4 | _cc1981 | |
| 300 |
_axii, 787 pages : _billustrations ; _c25 cm |
||
| 336 |
_2rdacontent _atext _btxt |
||
| 337 |
_aunmediated _2rdamedia _bn |
||
| 338 |
_avolume _bnc _2rdacarrier |
||
| 500 | _aFirst-2d ed. by D. P. Shoemaker and C. W. Garland; 3d ed. by D. P. Shoemaker, C. W. Garland, and J. I. Steinfeld. | ||
| 500 | _aIncludes Appendices. | ||
| 504 | _aIncludes bibliographical references and index. | ||
| 650 | 7 |
_aChemistry, Physical and theoretical _xLaboratory manuals. _2BUEsh |
|
| 655 | _vReading book | ||
| 700 | 1 |
_aShoemaker, David P., _eauthor. |
|
| 942 |
_cBB _2ddc |
||
| 999 |
_c6526 _d6526 |
||